A midsummer night´s dream (notes)

Wedi'i Gadw mewn:
Manylion Llyfryddiaeth
Prif Awdur: Shakespeare, William
Fformat: Llyfr
Iaith:Undetermined
Cyhoeddwyd: Nebraska, Estados Unidos Cliff´s Notes 1960
Pynciau:
Tagiau: Ychwanegu Tag
Dim Tagiau, Byddwch y cyntaf i dagio'r cofnod hwn!

MARC

LEADER 00000nam a2200000Ia 4500
008 170316s9999 xx 000 0 und d
040 |a cru BVZT 
090 |a 820 S-5a 
100 |a Shakespeare, William 
245 2 |a A midsummer night´s dream (notes) 
260 |a Nebraska, Estados Unidos 
260 |b Cliff´s Notes 
260 |c 1960 
300 |a 90 páginas 
650 |a LITERATURA INGLESA 
999 |c 7092  |d 7092 
942 |c 15 D  |h 820 S-5a  |2 z